| 000 | 01479nam a2200241 i 4500 | ||
|---|---|---|---|
| 001 | 59297 | ||
| 003 | ES-MaACL | ||
| 005 | 20231227062627.0 | ||
| 007 | t| | ||
| 008 | 031028m19611967sp ||||1| spa d | ||
| 245 | 0 | 0 |
_aGran enciclopedia del mundo / _cbajo los auspicios de don Ramón Menéndez Pidal ; y la colaboración... de 16 premios Nobel ; prólogo general de Julián Marías ; director, Francisco M. Biosca. |
| 260 |
_aBilbao : _bDurvan, _c[1961-1967] |
||
| 300 |
_a21 v. : _bil. ; _c27 cm. |
||
| 505 | 8 | _aContiene: XX. Léxico / con un prólogo de Julio Casares - XXI. Apéndice 1967 | |
| 505 | 8 | _a1. A-Andamán - 2. Andarai-Ayuthia - 3. Ayutla-buceo - 4. Bucer-cerusita - 5. Cervantes-crosopterigios - 6. Cross-eco - 7. Ecolalia-Españoleto - 8. Espárrago-francio - 9. Francis-Gutagamba - 10. Gutapercha-intolerancia - 11. Intoxicación-linotipia - 12. Lins-Metepe - 13. Metge-nitrogenoideos - 14. Nitroglicerina-pericráneo - 15. Peridotita-química general - 16. Química tecnológica-Santaella - 17. Santa Eufemia-templarios - 18. Temple-Vía Láctea - 19. Viale-Zyl. Metrología. Índice y mapas - 20. Léxico / prólogo de Julio Casares - 21. Apéndice 1967 | |
| 650 |
_aEnciclopedias. _912235 |
||
| 700 | 1 |
_aMenéndez Pidal, Ramón, _d1869-1968 _980315 |
|
| 700 | 1 |
_aMarías, Julián, _d1914-2005 _976688 |
|
| 700 | 1 |
_aBiosca, Francisco M. _928945 |
|
| 700 | 1 |
_aCasares, Julio, _d1877-1964 _936157 |
|
| 852 | 4 |
_aES-MaACL _jC-27574-94 |
|
| 999 |
_c59297 _d59297 |
||